Thủ thuật Microsolf Windows 95 - 98 - NT

Đã lưu trong:
Sonraí Bibleagrafaíochta
Príomhúdar: Đinh Vũ Nhân
Formáid: Leabhar
Teanga:Undetermined
Foilsithe: Hà Nội Thanh niên 1999
Ábhair:
Clibeanna: Cuir Clib Leis
Gan Chlibeanna, Bí ar an gcéad duine leis an taifead seo a chlibeáil!
Thư viện lưu trữ: Trung tâm Học liệu Trường Đại học Cần Thơ
LEADER 00511nam a2200169Ia 4500
001 CTU_37547
008 210402s9999 xx 000 0 und d
082 |a 004.07 
082 |b Nh121w 
100 |a Đinh Vũ Nhân 
245 0 |a Thủ thuật Microsolf Windows 95 - 98 - NT 
245 0 |c Đinh Vũ Nhân 
260 |a Hà Nội 
260 |b Thanh niên 
260 |c 1999 
650 |a programming languages ( electronic computers ),windows 
980 |a Trung tâm Học liệu Trường Đại học Cần Thơ